|
|
|
|
| LEADER |
00000nas a2200000 a 4500 |
| 001 |
ssj0000070772 |
| 003 |
WaSeSS |
| 005 |
20200512172242.0 |
| 006 |
m d |
| 007 |
cr n |
| 008 |
081021c20089999tu qr pss 0 0eng c |
| 010 |
|
|
|a 2010263021
|
| 022 |
|
|
|a 1307-6175
|
| 035 |
|
|
|a (WaSeSS)ssj0000070772
|
| 037 |
|
|
|b ACG Publications, Emlak Bankası Mutlukent Konutları, Okyanus 3 D:4, Gebze-Kocaeli, Turkey
|
| 040 |
|
|
|a HUA
|b eng
|c HUA
|d NTE
|d TXA
|d OCLCQ
|d OCLCO
|d OCLCQ
|d OCLCF
|d OCLCO
|d OCLCQ
|d WT2
|d OCLCQ
|d AU@
|d OCLCQ
|d WaSeSS
|
| 042 |
|
|
|a pcc
|
| 050 |
1 |
4 |
|a QD262
|b .O64
|
| 245 |
0 |
0 |
|a Organic communications
|h [electronic resource].
|
| 260 |
|
|
|a Gebze-Kocaeli :
|b Academy of Chemistry of Globe Publications,
|c ©2008-
|
| 310 |
|
|
|a Quarterly
|
| 362 |
1 |
|
|a Began with: Vol. 1, no. 1 (Jan./Mar. 2008).
|
| 500 |
|
|
|a A scientific online free journal in the field of synthetic organic chemistry.
|
| 506 |
|
|
|a License restrictions may limit access.
|
| 538 |
|
|
|a Mode of access: World Wide Web.
|
| 588 |
0 |
|
|a Vol. 1, no. 1 (Jan./Mar. 2008); title from PDF article caption (ACG site, viewed Jan. 26, 2010).
|
| 588 |
1 |
|
|a Vol. 2, issue 3 (Oct./Dec. 2009) (ACG site, viewed Jan. 26, 2010).
|
| 650 |
|
0 |
|a Organic compounds
|x Synthesis
|v Periodicals.
|
| 650 |
|
0 |
|a Chemistry, Organic
|v Periodicals.
|
| 650 |
|
7 |
|a Chemistry, Organic.
|2 fast
|0 (OCoLC)fst00853501
|
| 650 |
|
7 |
|a Organic compounds
|x Synthesis.
|2 fast
|0 (OCoLC)fst01047668
|
| 655 |
|
0 |
|a Electronic journals.
|
| 856 |
4 |
0 |
|z Full text available from Research Library: 01/01/2008 to present
|u https://search.proquest.com/publication/2042710
|